000 00618nam a2200229 i 4500
001 C2-0245405
003 PPAK
005 20180727210405.0
008 030312s2001 enka|||| ||||| | eng d
020 _a0709707711
040 _aPPAK
_beng
_cPPAK
_erda
082 0 4 _a032.02
_223
090 0 0 _a032.02
_bTHR
_dRK
245 0 0 _a366 questions and answers
264 1 _aEngland :
_bBrown Watson ,
_c2001
300 _a192 pages :
_bcolour illustrations ;
_c27 cm
336 _2rdacontent
_atext
337 _2rdamedia
_aunmediated
338 _2rdacarrier
_avolume
650 1 0 _aQuestions and answers
942 _ddc
_cB
999 _c59457
_d59457